[Event "2nd Irena Warakomska Memorial-A"]
[Site "Suwalki"]
[Date "2018.08.03"]
[Round "4"]
[White "Zielinski, Wojciech"]
[Black "Tarun, V Kanth"]
[Result "1/2-1/2"]
[WhiteElo "2157"]
[BlackElo "2102"]
[Annotator "NA"]
[PlyCount "52"]
[EventDate "2018.08.01"]
[EventType "swiss"]
[EventCountry "POL"]
[SourceTitle "playchess.com"]
[Source "ChessBase"]
[SourceQuality "1"]
[TimeControl "40/5400+30:1800+30"]

1. Nf3 {[%emt 0:00:00]} Nf6 {[%emt 0:00:00]} 2. b3 {[%emt 0:00:00]} g6 {[%emt 0:00:00]} 3. Bb2 {[%emt 0:00:00]} Bg7 {[%emt 0:00:00]} 4. e3 {[%emt 0:01:06]} O-O 5. c4 {[%emt 0:01:01]} d6 {[%emt 0:00:21]} 6. Be2 {[%emt 0:00:29]} e5 {[%emt 0:01:24]} 7. d4 {[%emt 0:02:08]} Nbd7 {[%emt 0:00:46]} 8. O-O {[%emt 0:04:29]} Re8 {[%emt 0:01:07]} 9. h3 {[%emt 0:01:08]} e4 {[%emt 0:01:38]} 10. Nfd2 h5 {[%emt 0:00:08]} 11. Nc3 {[%emt 0:03:31]} Nf8 {[%emt 0:00:31]} 12. Rc1 {[%emt 0:15:01]} c6 {[%emt 0:07:52]} 13. b4 {[%emt 0:07:40]} h4 {[%emt 0:00:50]} 14. Qc2 {[%emt 0:03:42]} Bf5 15. d5 cxd5 {[%emt 0:21:07]} 16. Nxd5 {[%emt 0:01:46]} Nxd5 {[%emt 0:00:07]} 17. cxd5 {[%emt 0:00:00]} Bxb2 {[%emt 0:01:46]} 18. Qxb2 {[%emt 0:06:08]} Nh7 {[%emt 0:04:04]} 19. Nb3 Re5 {[%emt 0:00:47]} 20. Rfd1 {[%emt 0:03:01]} Qd7 {[%emt 0:04:43]} 21. Kh2 {[%emt 0:07:56]} Ng5 {[%emt 0:13:48]} 22. Bf1 Bxh3 23. gxh3 Nf3+ 24. Kh1 Rg5 25. Bg2 Re5 26. Bf1 Ng5 1/2-1/2

[Event "2nd Irena Warakomska Memorial-A"]
[Site "Suwalki"]
[Date "2018.08.03"]
[Round "4"]
[White "Zgadzaj, Rafal"]
[Black "Kumala, Aleksander"]
[Result "1-0"]
[WhiteElo "2154"]
[BlackElo "2238"]
[Annotator "NA"]
[PlyCount "53"]
[EventDate "2018.08.01"]
[EventType "swiss"]
[EventCountry "POL"]
[SourceTitle "playchess.com"]
[Source "ChessBase"]
[SourceQuality "1"]
[TimeControl "40/5400+30:1800+30"]

1. d4 f5 2. c4 Nf6 3. Nc3 d6 4. Nf3 g6 5. g3 Bg7 6. Bg2 O-O 7. O-O Qe8 8. Qc2 e5 9. dxe5 dxe5 10. e4 c6 11. Re1 Na6 12. Nh4 f4 13. gxf4 exf4 14. Bxf4 Ng4 15. Bg3 Be6 16. Nd5 Qf7 17. Ne3 Nxe3 18. Rxe3 Bxc4 19. Rf3 Qe6 20. Bh3 Qxh3 21. Qxc4+ Kh8 22. Re1 Rxf3 23. Nxf3 Qg4 24. Nd4 Re8 25. Qf7 Rxe4 26. Rxe4 Qxe4 27. Ne6 1-0

[Event "2nd Irena Warakomska Memorial-A"]
[Site "Suwalki"]
[Date "2018.08.03"]
[Round "4"]
[White "Ulanowski, Karol"]
[Black "Kyc, Jerzy"]
[Result "0-1"]
[WhiteElo "2149"]
[BlackElo "2283"]
[Annotator "NA"]
[PlyCount "64"]
[EventDate "2018.08.01"]
[EventType "swiss"]
[EventCountry "POL"]
[SourceTitle "playchess.com"]
[Source "ChessBase"]
[SourceQuality "1"]
[TimeControl "40/5400+30:1800+30"]

1. e4 {[%emt 0:00:00]} c5 {[%emt 0:00:00]} 2. Nf3 {[%emt 0:00:00]} d6 {[%emt 0:00:00]} 3. d4 {[%emt 0:00:00]} cxd4 {[%emt 0:00:00]} 4. Nxd4 {[%emt 0:00:00]} Nf6 {[%emt 0:00:00]} 5. Nc3 {[%emt 0:00:00]} a6 {[%emt 0:00:00]} 6. Bg5 {[%emt 0:00:00]} e6 {[%emt 0:00:00]} 7. Qf3 {[%emt 0:00:11]} Be7 {[%emt 0:00:54]} 8. O-O-O {[%emt 0:00:06]} Qc7 {[%emt 0:00:52]} 9. g4 {[%emt 0:00:14]} Nbd7 {[%emt 0:05:27]} 10. Bxf6 Nxf6 {[%emt 0:00:06]} 11. g5 {[%emt 0:01:47]} Nd7 12. Rg1 {[%emt 0:04:52]} b5 {[%emt 0:01:23]} 13. a3 {[%emt 0:07:24]} Rb8 {[%emt 0:07:04]} 14. Qh3 b4 15. axb4 {[%emt 0:06:40]} Rxb4 {[%emt 0:12:26]} 16. g6 {[%emt 0:20:26]} Nf6 {[%emt 0:01:30]} 17. gxf7+ {[%emt 0:02:02]} Kxf7 {[%emt 0:00:03]} 18. e5 {[%emt 0:12:04]} dxe5 {[%emt 0:08:27]} 19. Nf3 {[%emt 0:00:05]} g6 {[%emt 0:18:49]} 20. Ng5+ {[%emt 0:18:09]} Kg7 {[%emt 0:00:06]} 21. Bxa6 {[%emt 0:03:53]} h6 {[%emt 0:11:45]} 22. Nxe6+ {[%emt 0:01:52]} Bxe6 {[%emt 0:01:47]} 23. Qxe6 {[%emt 0:00:06]} g5 {[%emt 0:07:39]} 24. Nb5 {[%emt 0:06:54]} Qc5 {[%emt 0:02:53]} 25. Nd6 {[%emt 0:00:53]} Bxd6 {[%emt 0:00:58]} 26. Rxd6 {[%emt 0:00:45]} Rf8 {[%emt 0:01:34]} 27. Re1 {[%emt 0:04:22]} Rxb2 {[%emt 0:09:16]} 28. Kxb2 {[%emt 0:04:48]} Qb4+ {[%emt 0:00:01]} 29. Qb3 {[%emt 0:02:23]} Qxd6 {[%emt 0:00:08]} 30. Bb5 {[%emt 0:01:25]} Qd4+ {[%emt 0:00:16]} 31. Ka3 {[%emt 0:03:12]} Ra8+ {[%emt 0:00:08]} 32. Ba4 {[%emt 0:00:04]} Rxa4+ {[%emt 0:00:16]} 0-1

[Event "2nd Irena Warakomska Memorial-A"]
[Site "Suwalki"]
[Date "2018.08.03"]
[Round "4"]
[White "Lisowski, Krzysztof"]
[Black "Buraczewski, Rafal"]
[Result "1-0"]
[WhiteElo "2072"]
[BlackElo "2221"]
[Annotator "NA"]
[PlyCount "85"]
[EventDate "2018.08.01"]
[EventType "swiss"]
[EventCountry "POL"]
[SourceTitle "playchess.com"]
[Source "ChessBase"]
[SourceQuality "1"]
[TimeControl "40/5400+30:1800+30"]

1. e4 {[%emt 0:00:00]} c6 {[%emt 0:00:00]} 2. d4 {[%emt 0:01:46]} g6 {[%emt 0:00:06]} 3. f4 {[%emt 0:04:15]} d5 {[%emt 0:01:08]} 4. e5 {[%emt 0:01:54]} h5 5. Be2 {[%emt 0:16:20]} Nh6 {[%emt 0:00:59]} 6. Nf3 {[%emt 0:01:00]} Bg4 {[%emt 0:00:31]} 7. O-O {[%emt 0:08:24]} e6 8. Qd3 {[%emt 0:13:13]} Nf5 {[%emt 0:08:09]} 9. b3 {[%emt 0:08:11]} Qb6 {[%emt 0:00:44]} 10. Bb2 Bxf3 {[%emt 0:05:43]} 11. Bxf3 {[%emt 0:14:02]} c5 {[%emt 0:01:10]} 12. c4 {[%emt 0:04:08]} dxc4 {[%emt 0:06:32]} 13. Qxc4 {[%emt 0:00:18]} Nd7 14. Rc1 {[%emt 0:06:59]} Nxd4 {[%emt 0:05:27]} 15. Bxd4 {[%emt 0:01:27]} cxd4 {[%emt 0:00:05]} 16. Nd2 {[%emt 0:02:49]} Ba3 {[%emt 0:07:04]} 17. Rd1 Be7 {[%emt 0:13:04]} 18. Ne4 {[%emt 0:05:08]} O-O 19. Qxd4 {[%emt 0:01:02]} Nc5 {[%emt 0:03:45]} 20. Nd6 {[%emt 0:02:12]} Bxd6 {[%emt 0:03:21]} 21. exd6 a5 {[%emt 0:03:37]} 22. Rac1 {[%emt 0:00:56]} Rac8 23. Rc4 Nd7 {[%emt 0:14:18]} 24. Qxb6 {[%emt 0:06:18]} Nxb6 {[%emt 0:00:01]} 25. Rxc8 {[%emt 0:00:28]} Rxc8 {[%emt 0:00:33]} 26. Bxb7 {[%emt 0:00:10]} Rd8 {[%emt 0:00:28]} 27. Kf2 {[%emt 0:00:39]} Kf8 {[%emt 0:00:02]} 28. Ke3 {[%emt 0:00:25]} Rb8 {[%emt 0:00:07]} 29. Bc6 {[%emt 0:00:24]} Rc8 {[%emt 0:00:20]} 30. Bb7 {[%emt 0:01:42]} Rb8 {[%emt 0:00:07]} 31. Bc6 {[%emt 0:00:34]} Rc8 32. d7 {[%emt 0:00:40]} Rd8 {[%emt 0:00:37]} 33. Kd4 {[%emt 0:00:29]} Nxd7 {[%emt 0:00:31]} 34. Ke3 {[%emt 0:00:24]} Ke7 {[%emt 0:00:22]} 35. Bxd7 {[%emt 0:00:22]} Rxd7 {[%emt 0:01:33]} 36. Rxd7+ {[%emt 0:00:05]} Kxd7 {[%emt 0:00:02]} 37. Kd4 {[%emt 0:00:48]} Kd6 {[%emt 0:00:02]} 38. h4 {[%emt 0:00:19]} f6 {[%emt 0:00:47]} 39. a3 {[%emt 0:00:18]} Kc6 {[%emt 0:00:59]} 40. Kc4 {[%emt 0:00:00]} Kb6 {[%emt 0:00:00]} 41. a4 {[%emt 0:06:25]} Kc6 42. b4 {[%emt 0:00:37]} axb4 {[%emt 0:03:40]} 43. Kxb4 1-0

[Event "2nd Irena Warakomska Memorial-A"]
[Site "Suwalki"]
[Date "2018.08.03"]
[Round "4"]
[White "Sliwerski, Radoslaw"]
[Black "Popiol, Michal"]
[Result "0-1"]
[WhiteElo "1990"]
[BlackElo "2164"]
[Annotator "NA"]
[PlyCount "84"]
[EventDate "2018.08.01"]
[EventType "swiss"]
[EventCountry "POL"]
[SourceTitle "playchess.com"]
[Source "ChessBase"]
[SourceQuality "1"]
[TimeControl "40/5400+30:1800+30"]

1. d4 {[%emt 0:00:00]} Nf6 {[%emt 0:00:00]} 2. c4 {[%emt 0:00:00]} g6 {[%emt 0:00:00]} 3. g3 {[%emt 0:00:00]} Bg7 {[%emt 0:00:00]} 4. Bg2 {[%emt 0:00:00]} O-O {[%emt 0:00:00]} 5. Nc3 {[%emt 0:00:00]} d6 {[%emt 0:00:00]} 6. Nf3 {[%emt 0:00:00]} Nc6 {[%emt 0:00:00]} 7. O-O {[%emt 0:00:00]} Bf5 {[%emt 0:01:51]} 8. Ne1 {[%emt 0:02:37]} Qd7 {[%emt 0:13:08]} 9. e4 {[%emt 0:02:25]} Bh3 {[%emt 0:00:32]} 10. Nc2 {[%emt 0:02:14]} e5 {[%emt 0:10:03]} 11. d5 {[%emt 0:00:26]} Ne7 {[%emt 0:00:45]} 12. f3 {[%emt 0:03:15]} Nh5 {[%emt 0:09:28]} 13. Be3 {[%emt 0:18:14]} Bxg2 {[%emt 0:00:35]} 14. Kxg2 {[%emt 0:00:02]} f5 {[%emt 0:00:14]} 15. Qd2 {[%emt 0:03:39]} Nf6 {[%emt 0:02:27]} 16. h3 {[%emt 0:04:29]} c5 {[%emt 0:14:03]} 17. Bh6 {[%emt 0:21:48]} a6 {[%emt 0:11:13]} 18. a4 {[%emt 0:02:13]} Nh5 {[%emt 0:03:33]} 19. Bxg7 {[%emt 0:01:55]} Kxg7 {[%emt 0:00:37]} 20. Rg1 {[%emt 0:07:32]} f4 {[%emt 0:03:15]} 21. g4 {[%emt 0:00:16]} Ng3 {[%emt 0:00:04]} 22. Ne1 {[%emt 0:12:57]} h5 {[%emt 0:04:19]} 23. Nd3 {[%emt 0:01:31]} hxg4 {[%emt 0:07:02]} 24. hxg4 {[%emt 0:00:02]} g5 {[%emt 0:01:18]} 25. Nf2 {[%emt 0:01:55]} Ng6 {[%emt 0:03:50]} 26. Nh1 {[%emt 0:00:28]} Nxh1 {[%emt 0:01:28]} 27. Rxh1 {[%emt 0:00:27]} Rh8 {[%emt 0:00:03]} 28. Qf2 {[%emt 0:05:52]} Qc7 {[%emt 0:01:45]} 29. Rxh8 {[%emt 0:01:44]} Rxh8 {[%emt 0:00:05]} 30. Rh1 {[%emt 0:00:17]} Nh4+ {[%emt 0:01:21]} 31. Kf1 {[%emt 0:00:13]} Qb6 {[%emt 0:00:08]} 32. Qe2 {[%emt 0:00:24]} Qb3 {[%emt 0:01:07]} 33. Kf2 {[%emt 0:01:37]} Ng6 {[%emt 0:02:03]} 34. Rxh8 {[%emt 0:00:25]} Nxh8 {[%emt 0:00:37]} 35. Kf1 {[%emt 0:02:31]} Ng6 {[%emt 0:00:06]} 36. Kg1 {[%emt 0:00:28]} Nh4 {[%emt 0:00:14]} 37. Kf2 {[%emt 0:00:06]} Kf6 {[%emt 0:00:23]} 38. Kg1 {[%emt 0:00:41]} Ke7 {[%emt 0:00:05]} 39. Kf2 {[%emt 0:00:18]} Kd7 {[%emt 0:00:07]} 40. Kg1 {[%emt 0:00:00]} Kc7 {[%emt 0:00:00]} 41. Kf2 {[%emt 0:07:05]} Kb6 {[%emt 0:00:14]} 42. Qd2 {[%emt 0:02:05]} Qxc4 {[%emt 0:00:51]} 0-1

[Event "2nd Irena Warakomska Memorial-A"]
[Site "Suwalki"]
[Date "2018.08.03"]
[Round "4"]
[White "Maj, Pawel"]
[Black "Ocytko, Andrzej"]
[Result "1-0"]
[WhiteElo "1521"]
[BlackElo "2155"]
[Annotator "NA"]
[PlyCount "63"]
[EventDate "2018.08.01"]
[EventType "swiss"]
[EventCountry "POL"]
[SourceTitle "playchess.com"]
[Source "ChessBase"]
[SourceQuality "1"]
[TimeControl "40/5400+30:1800+30"]

1. c4 {[%emt 0:00:00]} c5 {[%emt 0:00:54]} 2. g3 {[%emt 0:00:00]} Nc6 {[%emt 0:00:09]} 3. Bg2 {[%emt 0:00:00]} g6 {[%emt 0:00:21]} 4. Nc3 {[%emt 0:00:12]} Bg7 {[%emt 0:00:06]} 5. e4 {[%emt 0:00:38]} e5 {[%emt 0:09:21]} 6. Nge2 {[%emt 0:00:31]} Nge7 {[%emt 0:00:27]} 7. O-O {[%emt 0:00:11]} d6 {[%emt 0:00:09]} 8. d3 {[%emt 0:00:46]} Be6 {[%emt 0:03:20]} 9. Nd5 {[%emt 0:01:49]} O-O {[%emt 0:04:59]} 10. f4 f5 {[%emt 0:09:18]} 11. Rb1 {[%emt 0:04:21]} Rb8 {[%emt 0:06:24]} 12. a3 {[%emt 0:16:05]} a5 {[%emt 0:05:19]} 13. Nec3 {[%emt 0:00:42]} h6 {[%emt 0:18:26]} 14. h3 {[%emt 0:04:55]} Qd7 {[%emt 0:01:02]} 15. Kh2 {[%emt 0:00:08]} b6 {[%emt 0:01:48]} 16. Qa4 {[%emt 0:07:01]} Qd8 17. Bd2 Nd4 {[%emt 0:21:31]} 18. b4 {[%emt 0:02:57]} Nxd5 {[%emt 0:00:41]} 19. Nxd5 {[%emt 0:05:24]} axb4 {[%emt 0:00:57]} 20. axb4 {[%emt 0:03:33]} Ra8 {[%emt 0:01:21]} 21. Qd1 {[%emt 0:00:52]} Bxd5 {[%emt 0:02:37]} 22. cxd5 {[%emt 0:01:49]} Ra2 23. fxe5 {[%emt 0:03:29]} dxe5 {[%emt 0:06:10]} 24. bxc5 {[%emt 0:02:13]} bxc5 {[%emt 0:00:05]} 25. exf5 {[%emt 0:04:18]} gxf5 {[%emt 0:00:35]} 26. Kh1 {[%emt 0:08:32]} Qd6 {[%emt 0:01:04]} 27. Rb7 {[%emt 0:05:31]} Qg6 {[%emt 0:03:59]} 28. Rg1 {[%emt 0:03:06]} e4 29. dxe4 {[%emt 0:03:28]} fxe4 {[%emt 0:02:25]} 30. Bf4 {[%emt 0:01:21]} Ne2 {[%emt 0:00:46]} 31. d6 {[%emt 0:03:46]} Kh8 {[%emt 0:00:44]} 32. Qd5 {[%emt 0:02:14]} 1-0

[Event "2nd Irena Warakomska Memorial-A"]
[Site "Suwalki"]
[Date "2018.08.04"]
[Round "5"]
[White "Socko, Bartosz"]
[Black "Kashlinskaya, Alina"]
[Result "1-0"]
[WhiteElo "2611"]
[BlackElo "2440"]
[Annotator "ChessBase"]
[PlyCount "151"]
[EventDate "2018.08.01"]
[EventType "swiss"]
[EventCountry "POL"]
[SourceTitle "playchess.com"]
[Source "ChessBase"]
[SourceQuality "1"]
[TimeControl "40/5400+30:1800+30"]

1. c4 {[%emt 0:00:00]} Nf6 {[%emt 0:00:00]} 2. Nc3 {[%emt 0:00:08]} e5 {[%emt 0:00:00]} 3. g3 {[%emt 0:00:08]} Bb4 {[%emt 0:00:07]} 4. Bg2 {[%emt 0:00:11]} O-O {[%emt 0:00:14]} 5. e4 {[%emt 0:00:49]} Nc6 {[%emt 0:00:31]} 6. Nge2 {[%emt 0:00:07]} d6 {[%emt 0:00:55]} 7. O-O {[%emt 0:00:14]} Bc5 {[%emt 0:01:05]} 8. d3 {[%emt 0:00:41]} a6 {[%emt 0:00:41]} 9. h3 {[%emt 0:02:25]} h6 {[%emt 0:13:03]} 10. Kh2 {[%emt 0:00:28]} b5 {[%emt 0:00:28]} 11. b3 {[%emt 0:10:41]} Nd4 {[%emt 0:03:42]} 12. Bb2 {[%emt 0:02:13]} c6 {[%emt 0:04:27]} 13. f4 {[%emt 0:01:11]} a5 {[%emt 0:14:34]} 14. Rc1 {[%emt 0:09:08]} a4 {[%emt 0:04:45]} 15. fxe5 {[%emt 0:03:09]} dxe5 {[%emt 0:04:47]} 16. cxb5 {[%emt 0:00:31]} axb3 {[%emt 0:03:04]} 17. axb3 {[%emt 0:02:49]} Be6 {[%emt 0:09:25]} 18. Nxd4 {[%emt 0:13:59]} Bxd4 {[%emt 0:00:40]} 19. bxc6 {[%emt 0:00:08]} Be3 {[%emt 0:09:29]} 20. Ra1 {[%emt 0:04:11]} Rc8 {[%emt 0:02:32]} 21. Ra6 {[%emt 0:02:40]} Bb6 {[%emt 0:05:46]} 22. Nd5 {[%emt 0:08:10]} Rxc6 {[%emt 0:00:25]} 23. Nxb6 {[%emt 0:02:39]} Rxb6 {[%emt 0:00:40]} 24. Rxb6 {[%emt 0:00:07]} Qxb6 {[%emt 0:00:03]} 25. Bxe5 {[%emt 0:00:14]} Nd7 {[%emt 0:01:20]} 26. Ba1 {[%emt 0:00:18]} Ra8 {[%emt 0:02:07]} 27. d4 {[%emt 0:02:07]} Bxb3 {[%emt 0:00:49]} 28. Qg4 {[%emt 0:03:54]} Be6 {[%emt 0:09:53]} 29. Qf3 {[%emt 0:03:23]} Rxa1 {[%emt 0:00:31]} 30. Rxa1 {[%emt 0:00:06]} Qxd4 {[%emt 0:00:03]} 31. Rd1 {[%emt 0:00:28]} Qb2 {[%emt 0:00:50]} 32. Qf4 {[%emt 0:01:48]} Ne5 {[%emt 0:00:47]} 33. Rd2 {[%emt 0:00:14]} Qc3 {[%emt 0:00:30]} 34. Rd6 {[%emt 0:00:13]} Kh7 {[%emt 0:01:22]} 35. Rd8 {[%emt 0:03:40]} Qb2 {[%emt 0:01:55]} 36. Qd2 {[%emt 0:00:26]} Qa3 {[%emt 0:00:21]} 37. Qd1 {[%emt 0:01:19]} Qc3 {[%emt 0:01:11]} 38. Qf1 {[%emt 0:01:15]} Qb2 {[%emt 0:00:37]} 39. Qf4 {[%emt 0:00:32]} Qc3 {[%emt 0:00:59]} 40. Rd1 {[%emt 0:00:00]} Qb2 {[%emt 0:00:00]} 41. Qd2 {[%emt 0:01:47]} Qb3 {[%emt 0:04:35]} 42. Rf1 {[%emt 0:00:40]} Qb5 {[%emt 0:07:29]} 43. Qc3 {[%emt 0:00:58]} Nd7 {[%emt 0:00:47]} 44. Rf2 {[%emt 0:00:39]} Qh5 {[%emt 0:00:57]} 45. Qf3 {[%emt 0:01:20]} Qc5 {[%emt 0:00:16]} 46. Qe2 {[%emt 0:02:55]} Ne5 {[%emt 0:00:31]} 47. Qc2 {[%emt 0:00:10]} Qe3 {[%emt 0:01:41]} 48. Rf4 {[%emt 0:02:15]} Qd4 {[%emt 0:00:58]} 49. Rf1 {[%emt 0:00:10]} Qb4 {[%emt 0:01:08]} 50. Rb1 {[%emt 0:00:42]} Qa3 {[%emt 0:01:31]} 51. Qb2 {[%emt 0:03:09]} Qd3 {[%emt 0:00:26]} 52. Rf1 {[%emt 0:05:32]} Nc4 {[%emt 0:01:07]} 53. Qb1 {[%emt 0:00:07]} Qd2 {[%emt 0:02:44]} 54. Qc1 {[%emt 0:00:38]} Qd4 {[%emt 0:00:59]} 55. Rd1 {[%emt 0:01:38]} Qf2 {[%emt 0:00:43]} 56. Qf4 {[%emt 0:00:11]} Qb2 {[%emt 0:00:22]} 57. Kh1 {[%emt 0:03:29]} Qe2 {[%emt 0:01:38]} 58. Bf3 {[%emt 0:03:53]} Qc2 {[%emt 0:04:20]} 59. e5 {[%emt 0:01:49]} Qc3 {[%emt 0:04:32]} 60. Rc1 {[%emt 0:04:02]} Qb3 {[%emt 0:00:17]} 61. h4 {[%emt 0:01:41]} g6 {[%emt 0:01:37]} 62. Re1 {[%emt 0:08:01]} Qc3 {[%emt 0:00:35]} 63. Re2 {[%emt 0:00:09]} h5 {[%emt 0:01:31]} 64. Kh2 {[%emt 0:00:06]} Qd3 {[%emt 0:00:52]} 65. Qe4 {[%emt 0:01:51]} Qd1 {[%emt 0:05:00]} 66. Rc2 {[%emt 0:02:12]} Nd2 {[%emt 0:00:57]} 67. Qxg6+ {[%emt 0:02:09]} Kxg6 {[%emt 0:00:37]} 68. Bxd1 {[%emt 0:00:06]} Nf1+ {[%emt 0:00:01]} 69. Kg1 {[%emt 0:00:07]} Ne3 {[%emt 0:00:04]} 70. Rc1 {[%emt 0:00:31]} Bg4 {[%emt 0:01:22]} 71. Bb3 {[%emt 0:01:11]} Nf5 {[%emt 0:00:11]} 72. Rc6+ {[%emt 0:01:59]} Kg7 {[%emt 0:00:01]} 73. Rc7 {[%emt 0:00:12]} Nxg3 {[%emt 0:00:09]} 74. e6 {[%emt 0:01:07]} Nf5 {[%emt 0:00:05]} 75. Rxf7+ {[%emt 0:00:30]} Kg6 {[%emt 0:00:16]} 76. Bc2 {[%emt 0:00:08]} 1-0

[Event "2nd Irena Warakomska Memorial-A"]
[Site "Suwalki"]
[Date "2018.08.04"]
[Round "5"]
[White "Sadzikowski, Daniel"]
[Black "Teclaf, Pawel"]
[Result "1/2-1/2"]
[WhiteElo "2575"]
[BlackElo "2362"]
[Annotator "TA"]
[PlyCount "171"]
[EventDate "2018.08.01"]
[EventType "swiss"]
[EventCountry "POL"]
[SourceTitle "playchess.com"]
[Source "ChessBase"]
[SourceQuality "1"]

{[%evp 23,171,33,76,36,41,32,32,27,53,44,54,47,127,57,60,58,43,41,68,27,28,28,44,40,58,35,49,41,57,44,62,40,50,46,74,54,91,50,45,39,47,47,63,40,139,141,154,154,147,155,195,87,90,34,81,7,7,0,0,0,5,0,0,0,0,0,0,0,0,0,0,0,0,0,0,0,0,0,0,0,0,0,0,0,0,0,0,0,0,0,0,0,0,0,0,0,0,0,0,0,0,0,0,0,0,0,0,0,0,0,0,0,0,0,0,0,0,0,0,0,0,0,0,0,0,0,0,0,0,0,0,0,0,0,0,0,0,0,0,0,0,0,0,0,0,0,0,0,0,0]} 1. Nf3 Nf6 2. c4 e6 3. Nc3 d5 4. d4 c5 5. cxd5 exd5 6. Bg5 cxd4 7. Nxd4 Be7 8. e3 O-O 9. Be2 Nc6 10. O-O Be6 11. Rc1 {D32: Tarrasch Defence: Sidelines and lines without g3} Rc8 12. a3 Na5 {LiveBook: 4 Games} 13. Qa4 {White is better.} a6 14. Rfd1 b5 15. Qc2 Qd7 $146 ({Predecessor:} 15... Qb6 16. Nf5 Bxf5 17. Qxf5 Nb3 18. Nxd5 Nxc1 19. Nxb6 Nxe2+ 20. Kf1 Rc5 21. Bxf6 Rxf5 22. Bxe7 {1-0 (22) Horvath,J (2526)-Meinsohn,P (2241) Val Thorens 2006}) 16. Qb1 h6 17. Bh4 Ne4 (17... Nc4 $14) 18. Bxe7 (18. Nxe4 $16 Bxh4 19. Nc5) 18... Nxc3 $14 19. Rxc3 Qxe7 20. Rdc1 Nc4 21. Qc2 Bd7 22. Bf3 Qe5 23. Qe2 Qd6 24. R3c2 g6 25. Qe1 Ne5 {With the idea ...Nd3.} 26. Rxc8 Bxc8 27. Qe2 Nc4 28. h3 Re8 29. Qc2 Bd7 30. Qc3 Rc8 31. Qb3 Rc5 32. Qb4 a5 33. Qe1 {Strongly threatening b3.} Nxb2 (33... Rc7 $14) 34. Rxc5 $16 Qxc5 35. Qxa5 {Black must now prevent Qd8+.} Kg7 36. Qd8 Be6 37. Qb8 (37. Nxe6+ $18 {is more deadly.} fxe6 38. Bg4) 37... Nd3 {[#]} 38. Kh2 ({Of course not} 38. Nxe6+ $6 fxe6 39. Qb7+ Kf6 $11) ({White should try} 38. Be2 $1 $16 {[%cal Re2d3]} Qc1+ 39. Bf1) 38... Qxa3 {[#]} 39. Be2 ({Better is} 39. Qc7 $1 $16 Qa6 40. Qc3 Qd6+ 41. Kg1) 39... Qc3 $1 $11 {The position is equal.} 40. Bxd3 Qxd3 41. Qc7 Kg8 42. Qb8+ Kg7 43. Qxb5 (43. Qa7 {looks sharper.} Kg8 44. Qa8+ Kg7 45. Qa1 Kh7 46. Qa5) 43... Qxb5 44. Nxb5 {[%mdl 4096] Endgame KB-KN} Kf6 45. Kg3 Ke5 46. Kf3 g5 47. Nd4 Bd7 48. Ke2 Bc8 49. h4 gxh4 50. Nf3+ Ke4 51. Nxh4 d4 52. exd4 Kxd4 53. Kf3 Ke5 54. Ke3 Bb7 55. f3 Bc8 56. g3 Bh3 57. Kf2 h5 58. Ke3 Bf1 59. Kf2 Bh3 60. Ke1 Kd5 61. Kd2 Kd4 62. Ke2 Ke5 63. Kd3 Bf1+ 64. Ke3 Bh3 65. f4+ Kf6 66. Nf3 Bg2 67. Nd4 Bd5 68. Kf2 Be4 69. Kg1 Bf5 70. Kg2 Bc8 71. Kf2 $1 Bg4 72. Ke3 Bc8 73. Kd3 Ba6+ 74. Kc3 Ke7 75. Nc2 Ke6 {Threatens to win with ...Kf5.} 76. Ne3 Bb7 77. Kd3 Bc6 78. Nc2 $1 {[%cal Rc2d4] aiming for Nd4+.} Bb7 79. Nd4+ Kf6 80. Kc4 Be4 81. Kc5 Ke7 82. Nb5 Ke6 83. Nd4+ Ke7 84. Kc4 Kd6 85. Nb5+ Ke6 86. Nd4+ {Precision: White = 65%, Black = 72%.} 1/2-1/2

[Event "2nd Irena Warakomska Memorial-A"]
[Site "Suwalki"]
[Date "2018.08.04"]
[Round "5"]
[White "Markowski, Tomasz"]
[Black "Ulybin, Mikhail"]
[Result "1/2-1/2"]
[WhiteElo "2562"]
[BlackElo "2512"]
[Annotator "RC"]
[PlyCount "97"]
[EventDate "2018.08.01"]
[EventType "swiss"]
[EventCountry "POL"]
[SourceTitle "playchess.com"]
[Source "ChessBase"]
[SourceQuality "1"]
[TimeControl "40/5400+30:1800+30"]

1. c4 {[%emt 0:00:00]} c5 {[%emt 0:04:41]} 2. g3 {[%emt 0:00:00]} Nc6 {[%emt 0:01:13]} 3. Bg2 {[%emt 0:00:00]} g6 {[%emt 0:01:06]} 4. Nc3 {[%emt 0:00:00]} Bg7 {[%emt 0:00:44]} 5. Rb1 {[%emt 0:00:00]} b6 {[%emt 0:10:52]} 6. Nf3 {[%emt 0:00:03]} Bb7 {[%emt 0:01:59]} 7. O-O {[%emt 0:00:06]} Nd4 {[%emt 0:09:46]} 8. e3 {[%emt 0:13:18]} Nxf3+ {[%emt 0:00:49]} 9. Bxf3 {[%emt 0:00:04]} Bxf3 {[%emt 0:15:20]} 10. Qxf3 {[%emt 0:00:11]} Nh6 {[%emt 0:04:29]} 11. b3 {[%emt 0:03:10]} O-O {[%emt 0:01:38]} 12. Bb2 {[%emt 0:00:03]} Nf5 {[%emt 0:07:06]} 13. Rfd1 {[%emt 0:03:41]} Rb8 {[%emt 0:12:21]} 14. d3 {[%emt 0:02:44]} d6 {[%emt 0:07:00]} 15. Qe4 {[%emt 0:08:45]} e6 {[%emt 0:09:36]} 16. Qf3 {[%emt 0:00:42]} a6 {[%emt 0:01:01]} 17. a4 {[%emt 0:00:48]} Qe7 {[%emt 0:02:48]} 18. Ne2 {[%emt 0:07:49]} Bxb2 {[%emt 0:02:16]} 19. Rxb2 {[%emt 0:00:05]} b5 {[%emt 0:01:54]} 20. axb5 {[%emt 0:00:28]} axb5 {[%emt 0:00:07]} 21. Ra2 {[%emt 0:00:10]} bxc4 {[%emt 0:01:19]} 22. bxc4 {[%emt 0:00:05]} Qb7 {[%emt 0:02:07]} 23. Qxb7 {[%emt 0:00:32]} Rxb7 {[%emt 0:00:02]} 24. Nc3 {[%emt 0:01:09]} Rd8 {[%emt 0:00:59]} 25. Ne4 {[%emt 0:04:09]} Kf8 {[%emt 0:00:18]} 26. Rda1 {[%emt 0:01:01]} Ke7 {[%emt 0:00:34]} 27. Ra7 {[%emt 0:01:32]} Rdd7 {[%emt 0:00:41]} 28. Ra8 {[%emt 0:01:27]} h5 {[%emt 0:00:27]} 29. h3 {[%emt 0:02:44]} Ng7 {[%emt 0:00:38]} 30. R1a6 {[%emt 0:05:45]} Rb1+ {[%emt 0:00:28]} 31. Kg2 {[%emt 0:00:04]} Ne8 {[%emt 0:00:23]} 32. Rc8 {[%emt 0:03:43]} Nf6 {[%emt 0:00:44]} 33. Ng5 {[%emt 0:01:28]} Ne8 {[%emt 0:00:30]} 34. Raa8 {[%emt 0:05:23]} Nc7 {[%emt 0:00:18]} 35. Ra7 {[%emt 0:00:36]} Ne8 {[%emt 0:00:23]} 36. Rxd7+ {[%emt 0:00:18]} Kxd7 {[%emt 0:00:02]} 37. Ra8 {[%emt 0:00:03]} Rd1 {[%emt 0:01:09]} 38. Nxf7 {[%emt 0:08:32]} Rxd3 {[%emt 0:00:11]} 39. Ng5 {[%emt 0:00:39]} e5 {[%emt 0:00:54]} 40. Ne4 {[%emt 0:00:00]} Rb3 {[%emt 0:00:00]} 41. Ra7+ {[%emt 0:12:25]} Nc7 {[%emt 0:06:02]} 42. Ra2 {[%emt 0:00:11]} Ke6 {[%emt 0:12:54]} 43. Rd2 {[%emt 0:03:19]} Rb6 {[%emt 0:00:50]} 44. Kf3 {[%emt 0:03:41]} Ne8 {[%emt 0:00:54]} 45. g4 {[%emt 0:02:46]} hxg4+ {[%emt 0:01:33]} 46. hxg4 {[%emt 0:00:32]} Rb4 {[%emt 0:01:17]} 47. Rc2 {[%emt 0:00:33]} Nf6 {[%emt 0:00:43]} 48. Nd2 {[%emt 0:01:14]} g5 {[%emt 0:06:48]} 49. Ra2 {[%emt 0:05:49]} 1/2-1/2